Tieňová ekonomika v EÚ a nových členských štátoch EÚ

Šedá ekonomika - definícia. Príčiny a následky vzniku šedej (neoficiálnej) ekonomiky. Príčiny vzniku a nárastu šedej ekonomiky. Následky existencie šedej ekonomiky. Šedá ekonomika v krajinách strednej a východnej Európy a niektorých štátoch EÚ.

Salvato in:
Dettagli Bibliografici
Autore principale: Skovajsa, Juraj
Natura: Capitolo di libro
Lingua:slovacco
Soggetti:
Tags: Aggiungi Tag
Nessun Tag, puoi essere il primo ad aggiungerne!!

MARC

LEADER 00000naa$a2200000$$$4500
001 0036912
005 20240502071453.2
041 0 |a slo 
044 |a SK 
245 1 0 |a Tieňová ekonomika v EÚ a nových členských štátoch EÚ  |c Juraj Skovajsa 
520 |a Šedá ekonomika - definícia. Príčiny a následky vzniku šedej (neoficiálnej) ekonomiky. Príčiny vzniku a nárastu šedej ekonomiky. Následky existencie šedej ekonomiky. Šedá ekonomika v krajinách strednej a východnej Európy a niektorých štátoch EÚ. 
610 2 0 |a ekonomika tieňová 
610 2 0 |a definície 
610 2 0 |a Európska únia 
610 2 0 |a krajiny tranzitívne 
610 2 0 |a SVE 
100 1 |a Skovajsa, Juraj